Diseño y puesta en marcha de un sistema de tratamiento anaerobio con retención de biomasa a escala de laboratorio para desechos porcinos

Сохранить в:
Библиографические подробности
Главный автор: Rodriguez Vargas, Rebeca
Формат:
Опубликовано: San José, C.R. 2000
Предметы:
Метки: Добавить метку
Нет меток, Требуется 1-ая метка записи!

MARC

LEADER 00000nam a2200000Ia 4500
003 008616
005 20221231144206.0
008 140114s2000 cr a m 000 ||s d
040 |c cru CEDI 
090 |a TFG 4233 
100 |a Rodriguez Vargas, Rebeca  |9 8001 
245 |a Diseño y puesta en marcha de un sistema de tratamiento anaerobio con retención de biomasa a escala de laboratorio para desechos porcinos 
260 |c 2000  |a  San José, C.R. 
300 |a  vi, 127 hojas : ilustraciones (algunas a color)  
500 |a  Proyecto de graduación (licenciatura en ingeniería química)--Universidad de Costa Rica. Facultad de Ingeniería. Escuela de Ingeniería Química 
650 |x  BIOGAS   |x RESIDUOS ANIMALES  |x PURIFICACION DE AGUAS RESIDUALES  |9 8002 
942 |c TFG 
999 |c 18216  |d 18216